000
00290nam a22001217a 4500
008
170529b xxu||||| |||| 00| 0 eng d
041
_a
ger
080
_a
621
100
_a
25
101
_a
IM
245
_a
ANWENGUN STATISTISCHER METHODEN IN DER REGELUNGSTECHNIK
_c
OTTO,H
942
_2
udc
_c
BK
999
_c
14768
_d
14768